| 000 | 00635nam a2200205 a 4500 | ||
|---|---|---|---|
| 001 | BRCA_2637 | ||
| 005 | 20190320203912.0 | ||
| 008 | 011208s1893----gw-a---###---#000-0#ger-u | ||
| 050 | 4 |
_aNE1030 _b.H57 1893 |
|
| 100 | 1 |
_aHirth, Georg _d1841-1916 _97503 |
|
| 245 | 1 | 0 |
_aMeister-holtzschnitte aus vier Jahrhunderten _chrsg. von Georg Hirth und Richard Muther. |
| 260 |
_aMunchen _bG. Hirth _c1893 |
||
| 300 |
_aXLIV p. _bil., 200 láminas _c31 cm. |
||
| 500 | _aA82 | ||
| 650 | 1 | 4 |
_aGrabados en madera _97504 |
| 650 | 1 | 4 |
_aGrabado en madera _xHistoria _97363 |
| 700 | 1 |
_aMuther, Richard _d1860-1909 _97505 |
|
| 902 | _aGFM | ||
| 942 |
_2lcc _cB |
||
| 999 |
_c2377 _d2377 |
||